| 000 | 00529nam a2200181Ia 4500 | ||
|---|---|---|---|
| 003 | GCL | ||
| 008 | 140319s9999 xx 000 0 ara d | ||
| 020 | _a6078351977 | ||
| 040 |
_aGCL / _cGCL |
||
| 082 | 0 | 4 |
_a813.03 _bى ب |
| 100 | 1 | _aياسر ابراهيم | |
| 245 | 1 | 0 |
_aبهجة العمى / _cياسر ابراهيم |
| 260 |
_aالقاهرة : _bميريت للنشر والمعلومات ، _c2003 |
||
| 300 |
_a152 ص ؛ _c20 سم |
||
| 650 | 0 | 4 | _aالقصص العربية |
| 650 | 0 | 4 | _aالقصة |
| 942 |
_2ddc _cBK |
||
| 999 |
_c5961 _d5961 |
||